Citez un des personnages figurant sur ces couvertures de One Piece (1) - Statistiques

Statistiques générales
  • Ce quiz a été pris 166 fois
    138 depuis la dernière actualisation
  • Le résultat moyen est 19 sur 20
Statistiques - réponses
Par images Réponse % Correct
Baggy | Morge | Cabaji
100%
Nami | Roronoa Zoro
100%
Roronoa Zoro
100%
Nami | Ace | Longs-cils | Tony-Tony Chopper | Roronoa Zoro | Usopp | Sanji | Nefertari Vivi | Kung-Fu Dugongs
99%
Nami | Usopp | Roronoa Zoro
99%
Nami | Usopp | Sanji
99%
Nami | Usopp | Sanji
99%
Nami | Usopp | Sanji | Zoro
99%
Sanji
99%
Sanji | Tony-Tony Chopper | Wapol | Chess | Kuromarimo
99%
Tony-Tony Chopper | Hiluluk
99%
Usopp | Dorry | Broggy
99%
Usopp | Nami | Kaya | Roronoa Zoro | Oignon | Piment | Carotte
99%
Arlong | Octy | Kuroobi | Smack | Meuh-Meuh
97%
Crocodile | Nefertari Cobra | Koza | Smoker | Kaloo
96%
Mr. 5 | Miss Valentine | Igaram | Miss Monday | Mr. 9 | Nefertari Vivi | Mr. 13 | Miss Friday
96%
Nefertari Vivi | Kaloo | Galdino | Miss Goldenweek | Mr. 5
96%
Usopp | Koza | Nefertari Cobra | Pell | Chaka
95%
Kuro | Jango | Sham | Buchi
87%
Don Krieg | Gyn | Pearl
86%
Aucun quiz correspondant
Distribution des résultats
% des personnes avec chaque résultat
Percentile par nombre de réponses
Votre historique - résultats
Vous n’avez pas pris ce quiz depuis la dernière actualisation